003820000a22001090004500090001700000245007700017041001400094100003100108942001300139773010300152999001700255 aASbSeriadas10aFrailejonal, típico cuadro de la vida vegetal en los páramos andinos0 aEspañol1 aCuatrecasas, José911935 cARTICULO1 tRevista de la Academia Colombiana de Ciencias Exactas, Físicas y Naturalesh28q457-461d1950g7 c15488d15488